| 000 | 00577nam a2200181Ia 4500 | ||
|---|---|---|---|
| 999 |
_c11654 _d11654 |
||
| 082 | _aRE.0016 | ||
| 100 | _aEngineer, Asghar Ali | ||
| 245 | 0 | _aCollege teachers and secularism: a survey of opinions, attitudes and outlooks | |
| 260 |
_c0 _bIndian Council of Social Science Research, New Delhi |
||
| 300 | _a202p. | ||
| 650 | _aCOLLEGE TEACHERS - MUMBAI | ||
| 650 | _aTEACHERS - MUMBAI | ||
| 650 | _aSECULARISM - INDIA | ||
| 700 | _aNair, P.K. jt. au. | ||
| 700 | _aNagar, Anil jt. au. | ||
| 710 | _aCentre for Study of Society and Secularism, Mumbai | ||
| 942 |
_cRP _2ddc |
||